|
|
|
|
| LEADER |
00000nas a2200000 i 4500 |
| 001 |
ssj0001700010 |
| 003 |
WaSeSS |
| 005 |
20200512172242.0 |
| 006 |
m d |
| 007 |
cr n |
| 008 |
150615c20159999enk x pos 0 a0eng c |
| 010 |
|
|
|a 2016260034
|
| 022 |
|
|
|a 2055-1045
|l 2055-1045
|
| 035 |
|
|
|a (WaSeSS)ssj0001700010
|
| 040 |
|
|
|a NLGGC
|b eng
|e pn
|c NLGGC
|d CUS
|d ORU
|d OCLCO
|d OCLCF
|d OCLCO
|d CUS
|d CUI
|d OCLCO
|d OCLCA
|d STF
|d OCLCO
|d XFH
|d OCLCO
|d OCLCA
|d DLC
|d CRU
|d OCLCO
|d DKU
|d AU@
|d OCLCO
|d WYU
|d VT2
|d COO
|d OCLCO
|d WaSeSS
|
| 042 |
|
|
|a pcc
|
| 050 |
0 |
0 |
|a AS1
|
| 222 |
|
0 |
|a Palgrave communications
|
| 245 |
0 |
0 |
|a Palgrave communications
|h [electronic resource].
|
| 260 |
|
|
|a Basingstoke, Hants, United Kingdom :
|b Palgrave Macmillan,
|c 2015-
|
| 310 |
|
|
|a Irregular
|
| 362 |
1 |
|
|a Began with 1, Article number 14003 (2015).
|
| 506 |
|
|
|a License restrictions may limit access.
|
| 515 |
|
|
|a Articles are posted as they become available.
|
| 588 |
|
|
|a Description based on: 1, Article number 14003 (2015); title from PDF caption (publisher's web site, viewed July 15, 2016).
|
| 588 |
|
|
|a Latest issue consulted: 4, Article number: 85 (2018) (Palgrave Online, July 13, 2018).
|
| 650 |
|
0 |
|a Humanities
|v Periodicals.
|
| 650 |
|
0 |
|a Social sciences
|v Periodicals.
|
| 650 |
|
7 |
|a Humanities.
|2 fast
|0 (OCoLC)fst00963588
|
| 650 |
|
7 |
|a Social sciences.
|2 fast
|0 (OCoLC)fst01122877
|
| 650 |
|
2 |
|a Humanities
|v Periodicals.
|
| 650 |
|
2 |
|a Social Sciences
|v Periodicals.
|
| 655 |
|
0 |
|a Electronic journals.
|
| 850 |
|
|
|a DLC
|
| 856 |
4 |
0 |
|z Full text available from Research Library: 12/01/2016 to present
|u https://search.proquest.com/publication/2049611
|